| Current Events/Modern World - Western social | 1 | 10.00 | 0% | 0% | 100% |
| History - World | 1 | 10.00 | 0% | 100% | 0% |
| Literature - American poetry | 1 | 20.00 | 100% | 100% | 0% |
| Literature - British poetry | 1 | 10.00 | 0% | 0% | 100% |
| Mythology - Mixed/Any | 1 | 10.00 | 100% | 0% | 0% |
| Religion - Mixed/Any | 1 | 10.00 | 0% | 100% | 0% |
| Science - Biology | 1 | 0.00 | 0% | 0% | 0% |
| Science - Chemistry | 1 | 20.00 | 0% | 100% | 100% |
| Science - Physics | 1 | 10.00 | 100% | 0% | 0% |
| Art - Music/Opera | 6 | 8.33 | 50% | 0% | 33% |
| Art - Other | 1 | 10.00 | 100% | 0% | 0% |
| Art - Painting/Sculpture | 2 | 10.00 | 0% | 100% | 0% |
| Art - Visual | 2 | 10.00 | 50% | 0% | 50% |
| Current Events/Modern World - Mixed/Any | 1 | 10.00 | 100% | 0% | 0% |
| Geography - Europe | 1 | 10.00 | 0% | 0% | 100% |
| Geography - Non-U.S. Americas | 1 | 10.00 | 0% | 100% | 0% |
| Geography - Oceania/Pacific | 1 | 20.00 | 0% | 100% | 100% |
| History - American | 5 | 12.00 | 40% | 40% | 40% |
| History - European | 4 | 12.50 | 50% | 25% | 50% |
| History - Other | 5 | 12.00 | 20% | 40% | 60% |
| History - World | 4 | 12.50 | 25% | 50% | 50% |
| Literature - American any | 1 | 20.00 | 100% | 100% | 0% |
| Literature - American long fiction | 3 | 10.00 | 33% | 33% | 33% |
| Literature - American poetry | 1 | 10.00 | 0% | 100% | 0% |
| Literature - British drama | 1 | 10.00 | 100% | 0% | 0% |
| Literature - British poetry | 2 | 10.00 | 100% | 0% | 0% |
| Literature - European long fiction | 3 | 13.33 | 0% | 100% | 33% |
| Literature - European poetry | 1 | 20.00 | 0% | 100% | 100% |
| Literature - European short fiction | 1 | 30.00 | 100% | 100% | 100% |
| Literature - World/Misc any | 1 | 10.00 | 100% | 0% | 0% |
| Literature - World/Misc long fiction | 2 | 10.00 | 100% | 0% | 0% |
| Literature - World/Misc short fiction | 1 | 10.00 | 0% | 100% | 0% |
| Mythology - Americas | 1 | 10.00 | 0% | 100% | 0% |
| Mythology - Greco/Roman | 2 | 10.00 | 0% | 50% | 50% |
| Philosophy - 20th century | 1 | 20.00 | 100% | 0% | 100% |
| Philosophy - Enlightenment | 1 | 20.00 | 0% | 100% | 100% |
| Philosophy - Medieval | 1 | 30.00 | 100% | 100% | 100% |
| Philosophy - Mixed/Any | 1 | 20.00 | 100% | 0% | 100% |
| Religion - Christianity/Judaism | 1 | 20.00 | 100% | 100% | 0% |
| Religion - Hinduism | 2 | 15.00 | 50% | 0% | 100% |
| Religion - Islam | 1 | 10.00 | 0% | 0% | 100% |
| Religion - Mixed/Any | 1 | 0.00 | 0% | 0% | 0% |
| Science - Astronomy | 1 | 10.00 | 100% | 0% | 0% |
| Science - Biology | 5 | 8.00 | 20% | 40% | 20% |
| Science - Chemistry | 2 | 10.00 | 0% | 100% | 0% |
| Science - Earth | 1 | 10.00 | 0% | 100% | 0% |
| Science - Other | 1 | 20.00 | 100% | 0% | 100% |
| Science - Other/CL/Misc | 1 | 10.00 | 100% | 0% | 0% |
| Science - Physics | 4 | 10.00 | 25% | 25% | 50% |
| Social Science - Law | 1 | 10.00 | 100% | 0% | 0% |
| Social Science - Mixed/Any | 1 | 10.00 | 0% | 0% | 100% |
| Social Science - Psychology | 2 | 10.00 | 0% | 0% | 100% |